| Поле | Инд. | ПП | Название | Значение |
|---|---|---|---|---|
| Тип записи | a | |||
| Библиографический уровень | m | |||
| 001 | _ | Контрольный номер | RU/ЭБС IPR BOOKS/71324 | |
| 005 | Дата корректировки | 20250915131108.9 | ||
| 008 | Кодируемые данные | 211122s2017 RU y f j 000 1 rus u | ||
| 020 | a | ISBN | 978-5-7410-1674-9 | |
| 040 | c | Служба, преобразующая запись | ЭБС IPR BOOKS | |
| 041 | a | Код языка текста | rus | |
| 044 | a | Код страны публикации | RU | |
| 080 | a | Индекс УДК | 79 | |
| 084 | 2 | Источник индекса | rubbk | |
| a | Индекс другой классификации/Индекс ББК | 75.1 | ||
| 100 | 1_ | a | Автор | Витун, Е. В. |
| 4 | Код отношения | 070 | ||
| 245 | a | Заглавие | Современные системы физических упражнений, рекомендованные для студентов | |
| b | Продолж. заглавия | учебное пособие | ||
| c | Ответственность | Е. В. Витун, В. Г. Витун | ||
| 250 | g | Весь срок охраны авторского права | ||
| a | Основные сведения об издании | Современные системы физических упражнений, рекомендованные для студентов | ||
| 256 | a | Характеристики компьютерного файла | Электрон. дан. (1 файл) | |
| 260 | a | Место издания | Оренбург | |
| b | Издательство | Оренбургский государственный университет, ЭБС АСВ, ИПК «Университет» | ||
| c | Дата издания | 2017 | ||
| 300 | a | Объем | 111 с. | |
| 500 | a | Примечание | Книга находится в премиум-версии ЭБС IPR BOOKS. | |
| 516 | a | Прим. о типе комп. файла/ данных | Текст | |
| 520 | a | Аннотация | Учебное пособие разработано в соответствии с требованиями к выходным данным материалов по теоретическому и практическому разделу дисциплины «Физическая культура» образовательных программа бакалавриата. В пособии даётся краткая характеристика разновидностей современных систем физических упражнений, излагаются методические основы организации учебно-тренировочных занятий. В доступной форме рассматриваются основные упражнения приведенных систем физических упражнений, рекомендованных для занятий студенческой молодежи, как для учебных, так и для самостоятельных занятий. Издание предназначены для студентов всех направлений подготовки, при изучении нетрадиционных видов двигательной активности, а так же могут быть полезны преподавателям физической культуры и учителям общеобразовательных школ. | |
| 521 | a | Примеч. о целев. назн. | Весь срок охраны авторского права | |
| 538 | a | Прим. о системных особенностях | электронный | |
| 653 | a | Ключевые слова | физическая культура | |
| 653 | a | Ключевые слова | физическое упражнение | |
| 653 | a | Ключевые слова | йога | |
| 653 | a | Ключевые слова | калланетика | |
| 653 | a | Ключевые слова | пилатес | |
| 653 | a | Ключевые слова | аэробика | |
| 700 | 1_ | a | Другие авторы | Витун, В. Г. |
| 4 | Код отношения | 070 | ||
| 856 | 4_ | u | URL | http://www.iprbookshop.ru/71324.html |
| z | Примечание для пользователя | Участвует в КО |